Daniel Radcliffe Films - Statistics

General Stats
  • This quiz has been taken 279 times
  • The average score is 9 of 14
Answer Stats
Hint Answer % Correct
2002 Harry Potter And The Chamber Of Secrets
94%
2001 Harry Potter And The Philosopher's Stone
94%
2005 Harry Potter And The Goblet Of Fire
93%
2004 Harry Potter And The Prisoner Of Azkaban
91%
2009 Harry Potter And The Half Blood Prince
89%
2007 Harry Potter And The Order Of The Phoenix
85%
2010 Harry Potter And The Deathly Hallows: Part 1
80%
2011 Harry Potter And The Deathly Hallows: Part 2
80%
2012 The Woman In Black
63%
2013 Horns
49%
2013 Kill Your Darlings
31%
2007 December Boys
28%
2013 What If
28%
2001 The Tailor Of Panama
20%
No matching quizzes found
Score Distribution
Percent of People with Each Score
Percentile by Number Answered
Your Score History
You have not taken this quiz